Nenechajme to na iných
O víťazných projektoch predreferendovej kampane agentúr Creo Young & Rubicam a Monarch.
Saved in:
| Main Author: | |
|---|---|
| Format: | Book Chapter |
| Language: | Slovak |
| Subjects: | |
| Tags: |
No Tags, Be the first to tag this record!
|
MARC
| LEADER | 00000naa a2200000 4500 | ||
|---|---|---|---|
| 001 | r048633 | ||
| 005 | 20230929113702.7 | ||
| 041 | 0 | |a slo | |
| 044 | |a SK | ||
| 245 | 1 | 0 | |a Nenechajme to na iných |c Ivana Šimlovičová |
| 520 | |a O víťazných projektoch predreferendovej kampane agentúr Creo Young & Rubicam a Monarch. | ||
| 610 | 2 | 0 | |a kampane volebné |
| 610 | 2 | 0 | |a kampane reklamné |
| 610 | 2 | 0 | |a Slovensko |
| 100 | 1 | |a Šimlovičová, Ivana | |